000 00601nam a2200229Ia 4500
003 OSt
005 20251023191548.0
008 210423s2011 xx 000 0 und d
020 _a9788131604458
040 _cAL
041 _aEnglish
082 _a361.3
_bGORS
100 _aGore M S
_9121454
245 _aSocial work and social work education
260 _aNew Delhi
_bRawat Publications
_c2011
300 _aix,182
_bPB
365 _b475
_cINR
650 _aSocial Problems & Services
_9121455
650 _aSocial Work
_9121456
906 _aeducation ; Social ; work
942 _2ddc
_cBK
999 _c176165
_d176165